000 00775nam0a22002531 4500
001 v19\rc\1821547
005 20250619133335.0
035 _a(NLR Aleph) 004919321
090 _a5561057
_c5561057
100 _a20071224d1907 |||y0rusy50 ca
101 0 _arus
102 _aRU
105 _ay z |||||
200 1 _aЗаветная памятка русского матроса
_fСост. 2 ранга кап. Попов
210 _aСанкт-Петербург
_cтип. Э. Арнгольда
_d1907
215 _a8 с.
_d17
700 1 _aПопов
_cкап. 2 ранга
_4220
801 0 _aRU
_bNLR
_gpsbo
801 0 _aRU
_bRuMoRGB
_2psbo
801 1 _aRU
_bProSoft-M
_2rusmarc
852 _aNLR
_j43.12.9.21
899 _aRuMoRGB
_jU 252/892
942 _cBOOK
980 _aNB